书目信息 |
| 题名: |
无机化学实验
|
|
| 作者: | ;高职高专化学教材编写组 编 | |
| 分册: | ||
| 出版信息: | 北京 高等教育出版社 2014 |
|
| 页数: | 103页 | |
| 开本: | 26cm | |
| 丛书名: | ||
| 单 册: | ||
| 中图分类: | O61-33 | |
| 科图分类: | ||
| 主题词: | 无机化学--化学实验--高等职业教育--教材 | |
| 电子资源: | ||
| ISBN: | 978-7-04-038950-0 | |
| 000 | 01021nam0 2200241 450 | |
| 001 | 0103376615 | |
| 005 | 20150325095053.0 | |
| 010 | @a978-7-04-038950-0@dCNY19.90 | |
| 100 | @a20150107d2014 em y0chiy0120 ea | |
| 101 | 0 | @achi |
| 102 | @aCN@b110000 | |
| 105 | @aa z 000yy | |
| 106 | @ar | |
| 200 | 1 | @a无机化学实验@9Wu;Mo Ji Hua Xue Shi Yan @f高职高专化学教材编写组编@b专著 |
| 210 | @a北京@c高等教育出版社@d2014 | |
| 215 | @a103页@c图@d26cm | |
| 300 | @a“十二五”职业教育国家规划教材 高等职业教育化学化工类规划教材 | |
| 330 | @a本书内容主要包括:无机化学实验准备知识、实验室安全守则和意外事故处理、无机化学实验常用仪器介绍、无机化学实验基本操作等无机化学实验基本知识和基本操作技能,通过测定性实验、验证性实验、制备性实验和综合性实验的训练和实际操作,训练无机化学实验操作技能。 | |
| 606 | 0 | @a无机化学@x化学实验@x高等职业教育@j教材 |
| 690 | @aO61-33@v5 | |
| 711 | 02 | @a高职高专化学教材编写组@9gao zhi gao zhuan hua xue jiao cai bian xie zu@4编 |
| 801 | 0 | @aCN@bZL@c20140904 |
| 905 | @aBZT@dO61@e39@f1@sO61/39 | |
| 无机化学实验/高职高专化学教材编写组编.-北京:高等教育出版社,2014 |
| 103页:图;26cm |
| “十二五”职业教育国家规划教材 高等职业教育化学化工类规划教材 |
| ISBN 978-7-04-038950-0:CNY19.90 |
| 本书内容主要包括:无机化学实验准备知识、实验室安全守则和意外事故处理、无机化学实验常用仪器介绍、无机化学实验基本操作等无机化学实验基本知识和基本操作技能,通过测定性实验、验证性实验、制备性实验和综合性实验的训练和实际操作,训练无机化学实验操作技能。 |
| ● |
| 相关链接 |
|
|
|
正题名:无机化学实验
索取号:O61/39
 
预约/预借
| 序号 | 登录号 | 条形码 | 馆藏地/架位号 | 状态 | 备注 |
| 1 | 2000004233 | 2000004233 | 旧书回溯/ [索取号:O61/39] | 在馆 |